000 00877nam a2200277 i 4500
003 DO-SdBNP
005 20240305130302.0
007 ta
008 230609b2023 sp ||||| |||| 00| 0 spa d
020 _a9788412031409
040 _aDO-SdBNP
_bspa
_cBNPHU
082 4 _222
_aRD861.5
_bR457s
100 1 _aReyes, Bileysi,
_d1993
_eautor
_976663
245 1 0 _aSelva de palabras cortadas /
_cBileysi Reyes
264 1 _aMadrid :
_bCananegra : Amargord,
_c2023.
300 _a82 páginas
_c21 cm.
336 _2rdacontent
_atexto
_btxt
337 _2rdamedia
_asin mediación
_bn
338 _2rdcarrier
_avolumen
_bnc
500 _aIncluye datos biográficos del autor en la solapa de la cubierta
590 _aInventariado, 2023/BT
650 4 _aPoesía dominicana
650 4 _aLiteratura dominicana
910 _aBtavárez/Validado. Control de calidad MFF
942 _2ddc
_cLBS1
999 _c53753
_d53753